000 00460nam a2200169Ia 4500
008 231217s9999 xx 000 0 und d
020 _a8178811294
041 _aEnglish
082 _a658.8 CHO;1 R
100 _aChowdary, Nagendra V ed.
245 0 _aWorld class companies : creating and sustaining
260 _c2002
_bIcfai
_aHyderabad
300 _axv, 182+A9
400 _aEconomy series
650 _acompanies,creating,sustaining
942 _cAA
999 _c187238
_d187238